|
|
|
|
| LEADER |
01000caa a22002652c 4500 |
| 001 |
OLC1779200439 |
| 003 |
DE-627 |
| 005 |
20240316004104.0 |
| 007 |
tu |
| 008 |
070926s2007 xx ||||| 00| ||und c |
| 028 |
5 |
2 |
|a sw070926
|
| 035 |
|
|
|a (DE-627)OLC1779200439
|
| 035 |
|
|
|a (DE-599)GBVOLC1779200439
|
| 040 |
|
|
|a DE-627
|b ger
|c DE-627
|e rakwb
|
| 082 |
0 |
4 |
|a 300
|a 900
|a 830
|
| 082 |
0 |
4 |
|a 830
|q AVZ
|
| 082 |
0 |
4 |
|a 300
|a 900
|q VZ
|
| 082 |
0 |
4 |
|a 830
|a 900
|q VZ
|
| 084 |
|
|
|a 7,20
|a 8
|a 1
|2 ssgn
|
| 084 |
|
|
|a GER
|a 1
|2 ssgn
|
| 084 |
|
|
|a NA 1000
|a NA 1000
|q VZ
|2 rvk
|0 (DE-625)rvk/124053:
|
| 084 |
|
|
|a 15.40
|2 bkl
|
| 084 |
|
|
|a 15.07
|2 bkl
|
| 100 |
1 |
|
|a Völkel, Markus
|e verfasserin
|4 aut
|
| 245 |
1 |
0 |
|a 'Lob des Blütenstaubs' oder 'musivisches Werk'? Neuerscheinungen auf dem Gebiet der Wissensgeschichte
|
| 264 |
|
1 |
|c 2007
|
| 300 |
|
|
|a 26
|
| 336 |
|
|
|a Text
|b txt
|2 rdacontent
|
| 337 |
|
|
|a ohne Hilfsmittel zu benutzen
|b n
|2 rdamedia
|
| 338 |
|
|
|a Band
|b nc
|2 rdacarrier
|
| 773 |
0 |
8 |
|i Enthalten in
|t Archiv für Kulturgeschichte
|d Köln : Böhlau, 1903
|g 89(2007), 1, Seite 191-216
|w (DE-627)129061549
|w (DE-600)471-6
|w (DE-576)014392321
|x 0003-9233
|7 nnas
|
| 773 |
1 |
8 |
|g volume:89
|g year:2007
|g number:1
|g pages:191-216
|g extent:26
|
| 912 |
|
|
|a GBV_USEFLAG_A
|
| 912 |
|
|
|a SYSFLAG_A
|
| 912 |
|
|
|a GBV_OLC
|
| 912 |
|
|
|a SSG-OLC-HIS
|
| 912 |
|
|
|a SSG-OLC-GER
|
| 912 |
|
|
|a SSG-OLC-MKW
|
| 912 |
|
|
|a SSG-OLC-BUB
|
| 912 |
|
|
|a SSG-OPC-ANG
|
| 912 |
|
|
|a GBV_ILN_11
|
| 912 |
|
|
|a GBV_ILN_20
|
| 912 |
|
|
|a GBV_ILN_21
|
| 912 |
|
|
|a GBV_ILN_22
|
| 912 |
|
|
|a GBV_ILN_24
|
| 912 |
|
|
|a GBV_ILN_31
|
| 912 |
|
|
|a GBV_ILN_40
|
| 912 |
|
|
|a GBV_ILN_50
|
| 912 |
|
|
|a GBV_ILN_60
|
| 912 |
|
|
|a GBV_ILN_61
|
| 912 |
|
|
|a GBV_ILN_62
|
| 912 |
|
|
|a GBV_ILN_65
|
| 912 |
|
|
|a GBV_ILN_69
|
| 912 |
|
|
|a GBV_ILN_70
|
| 912 |
|
|
|a GBV_ILN_72
|
| 912 |
|
|
|a GBV_ILN_92
|
| 912 |
|
|
|a GBV_ILN_100
|
| 912 |
|
|
|a GBV_ILN_104
|
| 912 |
|
|
|a GBV_ILN_113
|
| 912 |
|
|
|a GBV_ILN_123
|
| 912 |
|
|
|a GBV_ILN_130
|
| 912 |
|
|
|a GBV_ILN_176
|
| 912 |
|
|
|a GBV_ILN_181
|
| 912 |
|
|
|a GBV_ILN_193
|
| 912 |
|
|
|a GBV_ILN_203
|
| 912 |
|
|
|a GBV_ILN_227
|
| 912 |
|
|
|a GBV_ILN_238
|
| 912 |
|
|
|a GBV_ILN_285
|
| 912 |
|
|
|a GBV_ILN_350
|
| 912 |
|
|
|a GBV_ILN_352
|
| 912 |
|
|
|a GBV_ILN_754
|
| 912 |
|
|
|a GBV_ILN_2002
|
| 912 |
|
|
|a GBV_ILN_2003
|
| 912 |
|
|
|a GBV_ILN_2005
|
| 912 |
|
|
|a GBV_ILN_2006
|
| 912 |
|
|
|a GBV_ILN_2008
|
| 912 |
|
|
|a GBV_ILN_2010
|
| 912 |
|
|
|a GBV_ILN_2011
|
| 912 |
|
|
|a GBV_ILN_2012
|
| 912 |
|
|
|a GBV_ILN_2014
|
| 912 |
|
|
|a GBV_ILN_2016
|
| 912 |
|
|
|a GBV_ILN_2018
|
| 912 |
|
|
|a GBV_ILN_2032
|
| 912 |
|
|
|a GBV_ILN_2038
|
| 912 |
|
|
|a GBV_ILN_2043
|
| 912 |
|
|
|a GBV_ILN_2046
|
| 912 |
|
|
|a GBV_ILN_2056
|
| 912 |
|
|
|a GBV_ILN_2493
|
| 912 |
|
|
|a GBV_ILN_2505
|
| 912 |
|
|
|a GBV_ILN_2579
|
| 912 |
|
|
|a GBV_ILN_4012
|
| 912 |
|
|
|a GBV_ILN_4027
|
| 912 |
|
|
|a GBV_ILN_4028
|
| 912 |
|
|
|a GBV_ILN_4029
|
| 912 |
|
|
|a GBV_ILN_4035
|
| 912 |
|
|
|a GBV_ILN_4036
|
| 912 |
|
|
|a GBV_ILN_4046
|
| 912 |
|
|
|a GBV_ILN_4082
|
| 912 |
|
|
|a GBV_ILN_4103
|
| 912 |
|
|
|a GBV_ILN_4112
|
| 912 |
|
|
|a GBV_ILN_4125
|
| 912 |
|
|
|a GBV_ILN_4126
|
| 912 |
|
|
|a GBV_ILN_4155
|
| 912 |
|
|
|a GBV_ILN_4193
|
| 912 |
|
|
|a GBV_ILN_4238
|
| 912 |
|
|
|a GBV_ILN_4246
|
| 912 |
|
|
|a GBV_ILN_4251
|
| 912 |
|
|
|a GBV_ILN_4253
|
| 912 |
|
|
|a GBV_ILN_4277
|
| 912 |
|
|
|a GBV_ILN_4302
|
| 912 |
|
|
|a GBV_ILN_4305
|
| 912 |
|
|
|a GBV_ILN_4306
|
| 912 |
|
|
|a GBV_ILN_4309
|
| 912 |
|
|
|a GBV_ILN_4310
|
| 912 |
|
|
|a GBV_ILN_4311
|
| 912 |
|
|
|a GBV_ILN_4315
|
| 912 |
|
|
|a GBV_ILN_4316
|
| 912 |
|
|
|a GBV_ILN_4317
|
| 912 |
|
|
|a GBV_ILN_4318
|
| 912 |
|
|
|a GBV_ILN_4319
|
| 912 |
|
|
|a GBV_ILN_4320
|
| 912 |
|
|
|a GBV_ILN_4323
|
| 912 |
|
|
|a GBV_ILN_4324
|
| 912 |
|
|
|a GBV_ILN_4326
|
| 912 |
|
|
|a GBV_ILN_4346
|
| 912 |
|
|
|a GBV_ILN_4367
|
| 912 |
|
|
|a GBV_ILN_4385
|
| 936 |
r |
v |
|a NA 1000
|b Zeitschriften und Jahrbücher
|k Geschichte
|k Geschichte
|k Zeitschriften und Jahrbücher
|0 (DE-625)rvk/124053:
|0 (DE-576)205270174
|
| 936 |
b |
k |
|a 15.40
|j Deutsche Geschichte: Allgemeines
|j Deutsche Geschichte: Allgemeines
|q VZ
|
| 936 |
b |
k |
|a 15.07
|j Kulturgeschichte
|j Kulturgeschichte
|q VZ
|
| 951 |
|
|
|a AR
|
| 952 |
|
|
|d 89
|j 2007
|e 1
|h 191-216
|g 26
|